Encyclopaedia of juvenile rights child rights and women rights Vol I (Record no. 141933)

MARC details
000 -LEADER
fixed length control field 00578nam a2200217Ia 4500
003 - CONTROL NUMBER IDENTIFIER
control field OSt
005 - DATE AND TIME OF LATEST TRANSACTION
control field 20250821094758.0
008 - FIXED-LENGTH DATA ELEMENTS--GENERAL INFORMATION
fixed length control field 210210b2009 xxu||||| |||| 00| 0 eng d
020 ## - INTERNATIONAL STANDARD BOOK NUMBER
International Standard Book Number 9788126141739
040 ## - CATALOGING SOURCE
Transcribing agency AL
041 ## - LANGUAGE CODE
Language code of text/sound track or separate title eng
082 ## - DEWEY DECIMAL CLASSIFICATION NUMBER
Classification number 361.614 UPAE
100 ## - MAIN ENTRY--PERSONAL NAME
Personal name Shivendra Upadhyaya
9 (RLIN) 236757
245 ## - TITLE STATEMENT
Title Encyclopaedia of juvenile rights child rights and women rights Vol I
260 ## - PUBLICATION, DISTRIBUTION, ETC.
Place of publication, distribution, etc. New Delhi
Name of publisher, distributor, etc. Anmol Publications Pvt Ltd
Date of publication, distribution, etc. 2009
300 ## - PHYSICAL DESCRIPTION
Extent x,270p
440 ## - SERIES STATEMENT/ADDED ENTRY--TITLE
Title Vol 1
9 (RLIN) 236758
690 ## - LOCAL SUBJECT ADDED ENTRY--TOPICAL TERM (OCLC, RLIN)
Topical term or geographic name as entry element Human Rights
9 (RLIN) 236759
906 ## - LOCAL DATA ELEMENT F, LDF (RLIN)
a 064892
942 ## - ADDED ENTRY ELEMENTS (KOHA)
Source of classification or shelving scheme Dewey Decimal Classification
Koha item type Book
Holdings
Withdrawn status Lost status Source of classification or shelving scheme Damaged status Not for loan Collection code Home library Current library Date acquired Source of acquisition Cost, normal purchase price Total Checkouts Full call number Barcode Date last seen Price effective from Koha item type
    Dewey Decimal Classification   Reference Book Human Rights St Aloysius Library St Aloysius Library 02/17/2021 Prajwal Book Distributors, Bangalore-560061 3000.00   361.614 UPAE 064892 02/17/2021 02/17/2021 Book